| 000 | 01417nam a2200361Ia 4500 | ||
|---|---|---|---|
| 001 | ebr10579153 | ||
| 003 | CaPaEBR | ||
| 006 | m u | ||
| 007 | cr cn||||||||| | ||
| 008 | 040802s2005 nyu sb 001 0 eng d | ||
| 010 | _z 2004017949 | ||
| 020 | _z079146475X (alk. paper) | ||
| 020 | _z0791464768 (pbk. : alk. paper) | ||
| 020 | _z9780791464755 | ||
| 020 | _z9780791483176 (ebook) | ||
| 040 |
_aCaPaEBR _cCaPaEBR |
||
| 035 | _a(OCoLC)461442326 | ||
| 050 | 1 | 4 |
_aBL1920 _b.M53 2005eb |
| 100 | 1 |
_aMichael, Thomas, _d1966- |
|
| 245 | 1 | 4 |
_aThe pristine Dao _h[electronic resource] : _bmetaphysics in early Daoist discourse / _cThomas Michael. |
| 260 |
_aAlbany : _bState University of New York Press, _cc2005. |
||
| 300 | _axi, 170 p. | ||
| 490 | 1 | _aSUNY series in Chinese philosophy and culture | |
| 504 | _aIncludes bibliographical references (p. 163-166) and index. | ||
| 533 |
_aElectronic reproduction. _bPalo Alto, Calif. : _cebrary, _d2013. _nAvailable via World Wide Web. _nAccess may be limited to ebrary affiliated libraries. |
||
| 650 | 0 | _aCosmogony, Ancient. | |
| 650 | 0 | _aTaoism. | |
| 650 | 0 | _aTaoist philosophy. | |
| 655 | 7 |
_aElectronic books. _2local |
|
| 710 | 2 | _aebrary, Inc. | |
| 830 | 0 | _aSUNY series in Chinese philosophy and culture. | |
| 856 | 4 | 0 |
_uhttp://site.ebrary.com/lib/rucke/Doc?id=10579153 _zAn electronic book accessible through the World Wide Web; click to view |
| 999 |
_c85698 _d85698 |
||